00522nam a2200193 a 4500001001300000003000900013005001700022008004100039020000900080082001600089100001600105245008000121260004400201300000900245500003500254505001000289650001300299700001600312nice12345678IN_TiNIC20260116011649.0050524s1944 bena grp 000 0 eng  ac1500a294.5bSHA1 aSharma, D S aStudies in the Renaissance of Hinduism in the Nineteenth and 20th Centuries aBenaresbBenares Hindu Universityc1944 a680p aincludes index and biblioraphy2 aIndex aHinduism1 aSharma, D S